| 000 | 00696nam a22002177a 4500 | ||
|---|---|---|---|
| 999 |
_c9124 _d9124 |
||
| 003 | AR-CdUCM | ||
| 008 | 190327b ||||| |||| 00| 0 sp d | ||
| 040 |
_aMUNICIPALIDAD PROVINCIAL DEL CUSCO _cBIBLIOTECA MUNICIPAL DEL CUSCO |
||
| 082 |
_a869.56 / _bP31 |
||
| 100 |
_aPavletuch Blengeri, José _925141 |
||
| 245 | _aSurcos en la Brisa / | ||
| 260 |
_aPerú : _bAlbatros , _c1978. |
||
| 300 |
_a53 páginas ; _c21 cm. |
||
| 440 |
_aColecciones "Albatros" _925142 |
||
| 500 | _aContiene dedicatoria del mismo autor del libro a Luis Nieto | ||
| 650 |
_aPoesia Peruana _9280 |
||
| 650 |
_aPoesia Latinoamericana _92147 |
||
| 650 |
_aPoesia Limeña _917928 |
||
| 942 |
_2ddc _cLIBROS |
||
| 945 | _artm | ||